01631cam a22003975i 4500999001700000001000800017003000900025005001700034008004100051020001500092020002200107040003800129043001200167082002600179100003500205245010600240250001900346250002100365264004600386300004800432336002600480337002800506338002700534504005300561650004700614650005600661650005400717650005700771650005000828650005200878651007600930653003401006700002801040942001201068952015301080 c28793d287643433649EG-ScBUE20200923100217.0910816r19841982enkab f b 001 0 eng d a0198740832 a0198740840 (pbk.) aDLCbengerdacDLCdDLCdEG-ScBUE ad------04a307.76091724bGIL2221 aGilbert, Alan,d1944-eauthor.10aCities, poverty, and development :burbanization in the Third World /cAlan Gilbert and Josef Gugler. aFirst edition. aReprint edition. 1aOxford :bOxford University Press,c1984. aviii, 246 p. :billustrations, map ;c24 cm atextbtxt2rdacontent aunmediatedbn2rdamedia avolumebnc2rdacarrier aIncludes bibliographical references and indexes. 7aUrbanizationzDeveloping countries.2BUEsh 7aRural-urban migrationzDeveloping countries.2BUEsh 7aUrban poorxHousingzDeveloping countries.2BUEsh 7aCommunity organizationzDeveloping countries.2BUEsh 7aSocial conflictzDeveloping countries.2BUEsh 7aRegional planningzDeveloping countries.2BUEsh 7aDeveloping countriesxEconomic conditionsxRegional disparities.2BUEsh bBUSECObENGGENcSeptember20201 aGugler, Josef,eauthor. 2ddccBB 00102ddc40708unknownaMAINbMAINc1STd2020-09-23ePurchasel3m21o307.76091724 GILp000049745r2025-07-15 00:00:00s2025-01-30w2020-09-23yBB